000 00615nam a2200169 a 4500
001 000031957
005 20200930063318.0
008 110707s1996 dr a 000 0 spa d
040 _aDO-SdBNP
_bspa
_cBNPHU
110 2 _aOrganización Panamericana para la Salud
_bOrganización Mundial de la Salud
_958122
245 1 3 _aEl análisis y la interpretación de los datos /
_cNelly C. Piña.
260 _cLa Paz, Bolivia :
_bOrganización Mundial de la Salud,
_c1996.
300 _a11 p. ;
_c28 cm.
490 1 _aIntroducción a la metodología de la investigación
700 1 _aPiña, Nelly C.
_950437
049 _aBNPD
999 _c31448
_d31448